Civil Procedure in the Superior Courts / (Record no. 34)

MARC details
000 -LEADER
fixed length control field 00520nam a22001697a 4500
005 - DATE AND TIME OF INPUT
control field 20231024142709.0
008 - DATA ELEMENTS--GENERAL INFORMATION
fixed length control field 231024b |||||||| |||| 00| 0 eng d
020 ## - INTERNATIONAL STANDARD BOOK NUMBER
International Standard Book Number 9780409127843 ; 9780409127812
041 ## - LANGUAGE CODE
Language code of text English
082 ## - SHELF NUMBER
DDC number 347.1 HAR
100 ## - MAIN AUTHOR
Main author's name Harms DR
Titles and words associated with a name SC
Language of a work English
245 ## - TITLE STATEMENT
Title Civil Procedure in the Superior Courts /
Statement of responsibility, etc. DR Harms
260 ## - PUBLICATION, DISTRIBUTION, ETC.
Place of publication, distribution, etc. Durban :
Name of publisher, distributor, etc. LexisNexis (Pty) Ltd,
Date of publication, distribution, etc. 2022
300 ## - PHYSICAL DESCRIPTION
Other physical details vii, 1725 pages ;
Dimensions 26 cm.
650 ## - SUBJECT`
Broad subject Legal practice
Own subject terms Law
942 ## - ADDED ENTRY ELEMENTS (KOHA)
Item type Books
942 ## - ADDED ENTRY ELEMENTS (KOHA)
-- ALISON_BN_VRIES
Holdings
Source of classification or shelving scheme Volume number (bound volume or other part) Not for loan Collection code Home library Current library Shelving location Date acquired Full call number Barcode Price effective from Koha item type
Dewey Decimal Classification Volume 3 (Two-Star Binder)   TEXT BOOKS LAW SOCIETY OF NAMIBIA LIBRARY - WINDHOEK LAW SOCIETY OF NAMIBIA LIBRARY - WINDHOEK Civil Procedure and Court 10/24/2023 347.1 HAR LSN/2016/45 10/24/2023 Books
Dewey Decimal Classification Volume 1 (Main Binder)   TEXT BOOKS LAW SOCIETY OF NAMIBIA LIBRARY - WINDHOEK LAW SOCIETY OF NAMIBIA LIBRARY - WINDHOEK Civil Procedure and Court 10/24/2023 347.1 HAR LSN/1993/56 10/24/2023 Books
Dewey Decimal Classification Volume 2 (Star Binder)   TEXT BOOKS LAW SOCIETY OF NAMIBIA LIBRARY - WINDHOEK LAW SOCIETY OF NAMIBIA LIBRARY - WINDHOEK Civil Procedure and Court 10/24/2023 347.1 HAR LSN/1995/34 10/24/2023 Books